|
|
|
|
| LEADER |
00000nab a2200000 a 4500 |
| 001 |
vtls000892770 |
| 003 |
SK-MaSNL |
| 005 |
20260302180004.0 |
| 008 |
040720e19950317xo 0 slo |
| 035 |
|
|
|a KE1806
|
| 040 |
|
|
|a KEVKJB
|b slo
|c KEVKJB
|e AACR2
|
| 041 |
0 |
|
|a slo
|
| 044 |
|
|
|a xo
|c SK
|
| 080 |
|
|
|a 943.76"1938"
|2 1981
|
| 100 |
1 |
|
|a Duchoň, Jozef
|4 aut
|9 317656
|
| 245 |
1 |
0 |
|a Viedenská arbitráž
|b Rozhodovanie o územnej príslušnosti Košíc
|
| 650 |
0 |
7 |
|a dejiny
|2 KEVKJB
|9 3825
|
| 650 |
0 |
7 |
|a Prvá viedenská arbitráž (1938 november 2.)
|2 KEVKJB
|9 14569
|
| 650 |
0 |
7 |
|a územná príslušnosť Košíc
|2 KEVKJB
|9 888321
|
| 651 |
|
7 |
|a KE,
|2 KEVKJB
|9 877256
|
| 651 |
|
7 |
|a KE,
|2 KEVKJB
|9 877256
|
| 655 |
|
7 |
|a periodikum
|2 snkbucl
|9 29553
|
| 655 |
|
7 |
|a štúdie
|2 KEVKJB
|9 57033
|
| 773 |
0 |
8 |
|t Košický večer
|g Roč. 6
|g Roč. 28, č.54, 17.3.1995, s. 8
|
| 852 |
|
|
|a ZVYKNI
|b KIS3GCP
|
| 999 |
|
|
|c 1409021
|d 1410951
|